<?xml version="1.0" encoding="UTF-8"?>
<collection xmlns="http://www.loc.gov/MARC21/slim">
 <record>
  <leader>02549nam a2200313 a 4500</leader>
  <controlfield tag="001">1/49358</controlfield>
  <controlfield tag="008">200520s2016    gr       b    00010 gre  </controlfield>
  <datafield tag="020" ind1=" " ind2=" ">
   <subfield code="a">9789609264501</subfield>
  </datafield>
  <datafield tag="035" ind1=" " ind2=" ">
   <subfield code="l">52359</subfield>
  </datafield>
  <datafield tag="040" ind1=" " ind2=" ">
   <subfield code="a">GR-PeUP</subfield>
  </datafield>
  <datafield tag="082" ind1="0" ind2="0">
   <subfield code="a">025.04 ΛΑΖ</subfield>
  </datafield>
  <datafield tag="100" ind1="1" ind2=" ">
   <subfield code="a">Λαζακίδου, Αθηνά Α.,</subfield>
   <subfield code="d">1975-</subfield>
  </datafield>
  <datafield tag="245" ind1="1" ind2="0">
   <subfield code="a">Σύγχρονες τεχνολογίες και υπηρεσίες πληροφορικής και τηλεπικοινωνιών /</subfield>
   <subfield code="c">Αθηνά Α. Λαζακίδου.</subfield>
  </datafield>
  <datafield tag="250" ind1=" " ind2=" ">
   <subfield code="a">2η έκδ.</subfield>
  </datafield>
  <datafield tag="260" ind1="0" ind2=" ">
   <subfield code="a">Αθήνα :</subfield>
   <subfield code="b">Εκδόσεις Δίσιγμα,</subfield>
   <subfield code="c">2016.</subfield>
  </datafield>
  <datafield tag="300" ind1=" " ind2=" ">
   <subfield code="a">247 σ. :</subfield>
   <subfield code="b">εικ. ;</subfield>
   <subfield code="c">24 εκ.</subfield>
  </datafield>
  <datafield tag="500" ind1=" " ind2=" ">
   <subfield code="a">Περιεχόμενα: Πρόλογος -- Κεφ. 1: Εισαγωγή στην πληροφορική -- Κεφ. 2: Εισαγωγή στα δίκτυα υπολογιστών -- Κεφ. 3: Εισαγωγή στις τεχνολογίες διαδικτύου -- Κεφ. 4: Υπηρεσίες και εφαρμογές διαδικτύου -- Κεφ. 5: Ασφάλεια πληροφοριών -- Κεφ. 6: Σημασιολογικός ιστός (Semantic Web) -- Κεφ. 7: Web 2.0 &amp; Web 3.0 -- Κεφ. 8: Κοινωνικά δίκτυα (Social networks) -- Κεφ. 9: Επερχόμενες τεχνολογικές τάσεις -- Κεφ. 10: Ψηφιακή Ελλάδα -- Κεφ. 11: Ηλεκτρονική διακυβέρνηση -- Κεφ. 12: Ανοικτή διακυβέρνηση -- Γλωσσάρι -- Βιβλιογραφία -- Πηγές στο διαδίκτυο -- Χρήσιμες ηλεκτρονικές διευθύνσεις.</subfield>
  </datafield>
  <datafield tag="504" ind1=" " ind2=" ">
   <subfield code="a">Περιλαμβάνει βιβλιογραφικές παραπομπές (σ. 229-239) και γλωσσάρι.</subfield>
  </datafield>
  <datafield tag="650" ind1=" " ind2="4">
   <subfield code="a">Semantic Web.</subfield>
  </datafield>
  <datafield tag="650" ind1=" " ind2="4">
   <subfield code="a">Internet</subfield>
   <subfield code="x">Social aspects.</subfield>
  </datafield>
  <datafield tag="650" ind1=" " ind2="4">
   <subfield code="a">Social networks.</subfield>
  </datafield>
  <datafield tag="650" ind1=" " ind2="4">
   <subfield code="a">Σημασιολογικός ιστός.</subfield>
  </datafield>
  <datafield tag="650" ind1=" " ind2="4">
   <subfield code="a">Κοινωνικά δίκτυα.</subfield>
  </datafield>
  <datafield tag="650" ind1=" " ind2="4">
   <subfield code="a">Διαδίκτυο</subfield>
   <subfield code="x">Κοινωνικές απόψεις.</subfield>
  </datafield>
  <datafield tag="650" ind1=" " ind2="4">
   <subfield code="a">Διαδίκτυο (Internet)</subfield>
   <subfield code="x">Κοινωνικές απόψεις.</subfield>
  </datafield>
  <datafield tag="650" ind1=" " ind2="4">
   <subfield code="a">Δίκτυα ηλεκτρονικών υπολογιστών.</subfield>
  </datafield>
  <datafield tag="852" ind1=" " ind2=" ">
   <subfield code="a">INST</subfield>
   <subfield code="b">UNIPILB</subfield>
   <subfield code="c">MAIN</subfield>
   <subfield code="e">20200520</subfield>
   <subfield code="h">025.04 ΛΑΖ</subfield>
   <subfield code="p">00182801</subfield>
   <subfield code="q">00182801</subfield>
   <subfield code="t">LOAN</subfield>
   <subfield code="y">0</subfield>
   <subfield code="4">1</subfield>
  </datafield>
  <datafield tag="852" ind1=" " ind2=" ">
   <subfield code="a">INST</subfield>
   <subfield code="b">UNIPILB</subfield>
   <subfield code="c">MAIN</subfield>
   <subfield code="e">20200520</subfield>
   <subfield code="h">025.04 ΛΑΖ</subfield>
   <subfield code="p">00182802</subfield>
   <subfield code="q">00182802</subfield>
   <subfield code="t">LOAN</subfield>
   <subfield code="y">0</subfield>
   <subfield code="4">2</subfield>
  </datafield>
  <datafield tag="852" ind1=" " ind2=" ">
   <subfield code="a">INST</subfield>
   <subfield code="b">UNIPILB</subfield>
   <subfield code="c">MAIN</subfield>
   <subfield code="e">20200520</subfield>
   <subfield code="h">025.04 ΛΑΖ</subfield>
   <subfield code="p">00182803</subfield>
   <subfield code="q">00182803</subfield>
   <subfield code="t">LOAN</subfield>
   <subfield code="y">0</subfield>
   <subfield code="4">3</subfield>
  </datafield>
 </record>
</collection>
